| 000 | 00909nam a2200145Ia 4500 | ||
|---|---|---|---|
| 008 | 240429s9999||||xx |||||||||||||| ||und|| | ||
| 041 | _aeng | ||
| 082 | _aPM/KFW/22 | ||
| 100 | _aParliament of Ghana | ||
| 245 | 0 | _aMemorandum To Parliament Submitted By Ken Ofori -Atta ( Minister For Finance) on Loan Agreement Between The Republic Of Ghana And Kreditanstalt Fur Wiederaufbau (KFW) Frasnkfurt Am main For Introduction Of Green Credit Line In Ghana Under The Reform and investment Partnership Between Ghana And Germany 2022 | |
| 300 | _a45p:tabs | ||
| 650 | _aMemorandum To Parliament Submitted By Ken Ofori -Atta ( Minister For Finance) on Loan - Agreement Between The Republic Of Ghana And Kreditanstalt Fur Wiederaufbau (KFW) Frasnkfurt - Am main For Introduction Of Green Credit Line In Ghana Under The Reform and investment Partnership B - Between Ghana And Germany 2022 | ||
| 942 | _cAR | ||
| 999 |
_c2906 _d2906 |
||